Normal view
MARC view
Entry Topical Term
001 - CONTROL NUMBER
- control field: 38402
003 - CONTROL NUMBER IDENTIFIER
- control field: ARRUPE
005 - DATE AND TIME OF LATEST TRANSACTION
- control field: 20180111122943.0
008 - FIXED-LENGTH DATA ELEMENTS
- fixed length control field: 180111|| aca||aabn | a|a d
040 ## - CATALOGING SOURCE
- Original cataloging agency: ARRUPE
- Transcribing agency: ARRUPE
150 ## - HEADING--TOPICAL TERM
- Topical term or geographic name as entry element: Analysis (Philosophy)
670 ## - SOURCE DATA FOUND
- Source citation: Work cat.: (ARRUPE)0: Tartaglia, James, 1973- 38397, Routledge philosophy guidebook to Rorty and the mirror of nature /, 2007.